00539nam a22001457a 4500003000900000005001700009008004100026040001300067100002000080245005300100250000600153260003200159300001800191520018400209IT-RoPau20220918181102.0130321b xxu||||| |||| 00| 0 eng d cIT-RoPau aSSP - Provincia aDocumenti del 2° capitolo provinciale d'Italia  aI aRomabSSP - Provinciac1978 a31 pp.c21 cm aIndice Presentazione del Superiore Provinciale Comunità - Spiritualità Promozione - Formazione Centralizzazione economica Costituzione e Regolamento del Gruppo Libri Allegati